Plánovanie výrobnej štruktúry v poľnohospodárskom podniku
Faktory vplývajúce na plánovanie výrobnej štruktúry poľnohospodárskeho podniku. Variantné plánovanie s využitím lineárneho optimalizačného modelu.
Salvato in:
| Autore principale: | |
|---|---|
| Natura: | Capitolo di libro |
| Lingua: | slovacco |
| Soggetti: | |
| Tags: |
Nessun Tag, puoi essere il primo ad aggiungerne!!
|
MARC
| LEADER | 00000naa a2200000 4500 | ||
|---|---|---|---|
| 001 | r017485 | ||
| 005 | 20221205101613.8 | ||
| 041 | 0 | |a slo | |
| 044 | |a SK | ||
| 245 | 1 | 0 | |a Plánovanie výrobnej štruktúry v poľnohospodárskom podniku |c Mária Režňáková |
| 520 | |a Faktory vplývajúce na plánovanie výrobnej štruktúry poľnohospodárskeho podniku. Variantné plánovanie s využitím lineárneho optimalizačného modelu. | ||
| 610 | 2 | 0 | |a podnik poľnohospodársky |
| 610 | 2 | 0 | |a štruktúra výroby |
| 610 | 2 | 0 | |a transformácia |
| 610 | 2 | 0 | |a hospodárstvo trhové |
| 610 | 2 | 0 | |a plánovanie výroby |
| 610 | 2 | 0 | |a modely lineárne |
| 100 | 1 | |a Režňáková, Mária | |